00764nam a2200229 a 4500003000400000005001700004008004100021020001800062040002400080041000800104082001500112110004300127245015800170250001200328260005200340300001000392440003400402653003600436653003500472942001200507999001500519OSt20131021172958.0131021s1995 sz ||||| |||| 00| 0 spa d a92-4-320859-4 cBiblioteca Medicina aspa bOMS IT 859 aOrganizacion Mundial de la Salud9100600aEvaluacion de ciertos aditivos alimentarios y contaminantes de los alimentos.b44º Informe del Comite Mixto FAO/OMS de Expertos en Aditivos Alimentarios a1º ed. aGinebrabOrganizacion Mundial de la Saludc1995 a62 p.00aInformes Tecnicos n85992763 aADITIVOS ALIMENTARIOS-TOXICIDAD aCONTAMINACION DE LOS ALIMENTOS 2ddccPH c1844d1844